000
00327 a2200157 4500
001
186586
020
_a
85-322-8312-2
040
_c
Magnum
100
_a
Cunha, Leo
240
1
0
_a
O sabiĆ” e a girafa
_l
por
245
1
0
_a
O sabiĆ” e a girafa
300
_a
35
362
0
_a
2012
697
_a
LITERATURA INFANTO
942
_c
BK
999
_c
186586
_d
186586